UBT Library

CELLULAR ANTIOXIDANT DEFENSE MECHANISM (Record no. 39863)

000 -LEADER
fixed length control field 00306nam a22001337a 4500
008 - FIXED-LENGTH DATA ELEMENTS--GENERAL INFORMATION
fixed length control field 180109b xxu||||| |||| 00| 0 eng d
020 ## - INTERNATIONAL STANDARD BOOK NUMBER
International Standard Book Number 0849369177
041 ## - LANGUAGE CODE
Language code of text/sound track or separate title eng
080 ## - UNIVERSAL DECIMAL CLASSIFICATION NUMBER
Universal Decimal Classification number 54
100 ## - Rafti
Rafti 13
101 ## - Shkurtesa
Shkurtesa KIM
245 ## - TITLE STATEMENT
Title CELLULAR ANTIOXIDANT DEFENSE MECHANISM
Statement of responsibility, etc CHOW.CH.K
942 ## - ADDED ENTRY ELEMENTS (KOHA)
Source of classification or shelving scheme
Item type Books
Holdings
Withdrawn status Lost status Source of classification or shelving scheme Damaged status Not for loan Collection code Permanent location Current location Shelving location Date acquired Total Checkouts Full call number Barcode Date last seen Price effective from Koha item type
          Koleksioni i përgjithshem UBT - Lipjan UBT - Lipjan Koleksioni i përgjithshem 01/09/2018   54 CHO 002-2995094 01/09/2018 01/09/2018 Books
          Koleksioni i përgjithshem UBT - Lipjan UBT - Lipjan Koleksioni i përgjithshem 01/09/2018   54 CHO 002-2995089 01/09/2018 01/09/2018 Books
UBT Library © 2015-2024. All rights reserved University Education for Business and Technology